Statistiken für Alle Minderheiten Dänemarks

Klicken Sie hier um das Quiz zu spielen!

Allgemein

  • Dieses Quiz wurde 58 mal gespielt
  • Das Durchschnittsergebnis liegt bei 14 aus 20

Antwortstatistiken

BevölkerungLand% Korrekt
35,141Deutschland
98%
17,095Schweden
98%
17,481Norwegen
95%
49,369Polen
82%
75,072Türkei
80%
14,841China
77%
17,651Vereinigtes Königreich
77%
34,217Irak
73%
44,326Syrien
73%
15,595Indien
70%
22,408Iran
68%
34,997Rumänien
68%
19,957Afghanistan
66%
31,175Pakistan
61%
16,307Vietnam
61%
15,595Ukraine
55%
15,231Litauen
48%
23,449Bosnien und Herzegowina
43%
30,435Libanon
43%
21,338Somalia
34%

Verteilung der Resultate

Perzentil nach korrekt beantworteten Fragen

Anzahl Personen mit jedem Resultat

Ihre Resultats-Entwicklung

Sie haben dieses Quiz noch nicht gespielt